MARC details
| 000 -LEADER |
| fixed length control field |
01470cam a22003375a 4500 |
| 001 - CONTROL NUMBER |
| control field |
13170429 |
| 005 - DATE AND TIME OF LATEST TRANSACTION |
| control field |
20180506110725.0 |
| 008 - FIXED-LENGTH DATA ELEMENTS--GENERAL INFORMATION |
| fixed length control field |
030421t2003 nyu fr 001 0 eng d |
| 020 ## - INTERNATIONAL STANDARD BOOK NUMBER |
| International Standard Book Number |
0071462139 |
| 020 ## - INTERNATIONAL STANDARD BOOK NUMBER |
| International Standard Book Number |
9780071462136 |
| 040 ## - CATALOGING SOURCE |
| Original cataloging agency |
DLC |
| Transcribing agency |
DLC |
| Modifying agency |
DLC |
| -- |
EG-ScBUE |
| Language of cataloging |
eng |
| 082 04 - DEWEY DECIMAL CLASSIFICATION NUMBER |
| Classification number |
658.409 |
| Edition number |
22 |
| Item number |
BEN |
| 100 1# - MAIN ENTRY--PERSONAL NAME |
| Personal name |
Benton, D. A. |
| Fuller form of name |
(Debra A.) |
| 245 10 - TITLE STATEMENT |
| Title |
Executive charisma / |
| Statement of responsibility, etc |
D. A. Benton. |
| 246 34 - VARYING FORM OF TITLE |
| Title proper/short title |
Executive charisma : |
| Remainder of title |
six steps to mastering the art of leadership |
| 260 ## - PUBLICATION, DISTRIBUTION, ETC. (IMPRINT) |
| Place of publication, distribution, etc |
New York : |
| Name of publisher, distributor, etc |
McGraw-Hill, |
| Date of publication, distribution, etc |
c.2003. |
| 300 ## - PHYSICAL DESCRIPTION |
| Extent |
xx, 201 p. ; |
| Dimensions |
24 cm. |
| 500 ## - GENERAL NOTE |
| General note |
Index : p. 191-201. |
| 505 0# - FORMATTED CONTENTS NOTE |
| Formatted contents note |
Be the first to initiate -- Expect and give acceptance to maintain esteem -- Ask questions and ask favors -- Stand tall, straight, and smile -- Be human, humorous, and touch -- Slow down, shut up, and listen -- Completing the puzzle. |
| 650 #7 - SUBJECT ADDED ENTRY--TOPICAL TERM |
| Topical term or geographic name as entry element |
Executive ability. |
| Source of heading or term |
BUEsh |
| 9 (RLIN) |
11399 |
| 650 #7 - SUBJECT ADDED ENTRY--TOPICAL TERM |
| Topical term or geographic name as entry element |
Executives |
| General subdivision |
Conduct of life. |
| Source of heading or term |
BUEsh |
| 650 #7 - SUBJECT ADDED ENTRY--TOPICAL TERM |
| Topical term or geographic name as entry element |
Executives. |
| Source of heading or term |
BUEsh |
| 9 (RLIN) |
36209 |
| 650 #7 - SUBJECT ADDED ENTRY--TOPICAL TERM |
| Topical term or geographic name as entry element |
Charisma (Personality trait) |
| Source of heading or term |
BUEsh |
| 650 #7 - SUBJECT ADDED ENTRY--TOPICAL TERM |
| Topical term or geographic name as entry element |
Communication in management. |
| Source of heading or term |
BUEsh |
| 651 ## - SUBJECT ADDED ENTRY--GEOGRAPHIC NAME |
| Source of heading or term |
BUEsh |
| 653 ## - INDEX TERM--UNCONTROLLED |
| Resource For college |
BAEPS, Business Administration |
| Arrived date list |
April2018 |
| -- |
May2018 |
| 856 42 - ELECTRONIC LOCATION AND ACCESS |
| Materials specified |
Contributor biographical information |
| Uniform Resource Identifier |
<a href="http://www.loc.gov/catdir/bios/mh042/2003008123.html">http://www.loc.gov/catdir/bios/mh042/2003008123.html</a> |
| 856 41 - ELECTRONIC LOCATION AND ACCESS |
| Materials specified |
Table of contents |
| Uniform Resource Identifier |
<a href="http://www.loc.gov/catdir/toc/ecip042/2003008123.html">http://www.loc.gov/catdir/toc/ecip042/2003008123.html</a> |
| 856 42 - ELECTRONIC LOCATION AND ACCESS |
| Materials specified |
Publisher description |
| Uniform Resource Identifier |
<a href="http://www.loc.gov/catdir/description/mh031/2003008123.html">http://www.loc.gov/catdir/description/mh031/2003008123.html</a> |
| 942 ## - ADDED ENTRY ELEMENTS (KOHA) |
| Source of classification or shelving scheme |
Dewey Decimal Classification |